Encaustics.

Bibliographic Details
Main Author: Young, Stark, 1881-1963
Format: Book
Language:English
Published: Freeport, N.Y. : Books for Libraries Press, [1969]
Series:Essay index reprint series

MARC

Tag First Indicator Second Indicator Subfields
LEADER 00000cam a2200000 4500
001 in00000157521
005 20151006060204.0
008 690910r1969 nyu 00000 eng
010 |a  75088039  
020 |a 0836911679 
035 |a (OCoLC)00030467 
035 |9 AAR8442AM 
040 |a DLC  |c DLC  |d TXA  |d UtOrBLW 
049 |a TXAM  |c [526133] 
050 0 0 |a PS3547.O6  |b E6 1969 
082 0 |a 814/.5/2 
100 1 |a Young, Stark,  |d 1881-1963. 
245 1 0 |a Encaustics. 
264 1 |a Freeport, N.Y. :  |b Books for Libraries Press,  |c [1969] 
300 |a xii, 274 pages ;  |c 23 cm. 
336 |a text  |b txt  |2 rdacontent 
337 |a unmediated  |b n  |2 rdamedia 
338 |a volume  |b nc  |2 rdacarrier 
490 0 |a Essay index reprint series 
999 |a MARS 
999 f f |s f25ff44d-59b3-30a5-b9d9-f450a908aec3  |i d4a8a458-76c5-36e5-a1df-aee9789155dd  |t 0 
952 f f |p ric  |a Texas A&M University  |b Rellis Campus  |c Joint Library Facility  |d Remote Storage  |t 0  |e PS3547.O6 E6 1969  |h Library of Congress classification  |i unmediated -- volume  |m A14804117343 
998 f f |a PS3547.O6 E6 1969  |t 0  |l Remote Storage